000 00834nam a22002657a 4500
001 6983
003 FISKH
005 20250613144515.0
008 250613b cb ||||| |||| 00| 0 eng d
020 _a9788956353197
040 _aFISKH
_beng
_cFISKH
_dFISKH
050 _aPZ8.P426 S
082 _a398.2
100 _aPerrault, Charles
245 _aSleeping beauty /
_cCharles Perrault
260 _aSeoul :
_bE-Future,
_c2009.
300 _a18 pages :
_bcolor illustrations ;
_c21 cm
505 _aG
520 _aisgruntled at not being invited to the princess' christening, the wicked fairy casts a spell that dooms the princess to sleep for a hundred years.
521 8 _a300
_bLexile estimate
521 8 _aG
_bRaz-Plus
650 _aFairy tale
_vThe Evergreen Tales
942 _2ddc
_cBK
_n0
999 _c6983
_d6983